| 000 | 01174cam a2200277 a 4500 | ||
|---|---|---|---|
| 001 | 16281814 | ||
| 005 | 20110316121239.0 | ||
| 008 | 100614s2011 njua b 001 0 eng | ||
| 020 | _a0321552687 (hardcover : alk. paper) | ||
| 020 | _a9780321552686 (hardcover : alk. paper) | ||
| 040 |
_aDLC _cDLC _dBTCTA _dBAKER _dYDXCP _dUKM _dC#P _dBWX _dCDX _dDLC |
||
| 082 | 0 | 0 |
_a005.15 _222 _bDOC |
| 245 | 0 | 0 |
_aDocumenting Software Architectures : _bViews and Beyond / _cPaul Clements ... [et al.]. |
| 250 | _a2nd ed. | ||
| 260 |
_aUpper Saddle River, NJ : _bAddison-Wesley, _cc2011. |
||
| 300 |
_axxxix, 537 p. : _bill. ; _c25 cm. |
||
| 490 | 1 |
_aSEI series in software engineering _930327 |
|
| 504 | _aIncludes bibliographical references and index. | ||
| 650 | 0 |
_aComputer architecture. _930328 |
|
| 650 | 0 |
_aSoftware documentation. _930329 |
|
| 653 |
_bCS _cJuly2012 |
||
| 700 | 1 |
_aClements, Paul, _d1955- _930330 |
|
| 942 |
_2ddc _cBB |
||
| 999 |
_c16816 _d16816 |
||